| 000 | 00355nam a2200121Ia 4500 | ||
|---|---|---|---|
| 005 | 20251222154324.0 | ||
| 008 | 251222s9999||||xx |||||||||||||| ||spa|| | ||
| 082 | _a322.420.985/M28/1988 | ||
| 100 | _a"Matos Mar, José " | ||
| 245 | 0 | _aDesborde popular y crisis del Estado: el nuevo rostro del Perú en la década de 1980 | |
| 250 | _a7a.ed. | ||
| 942 | _cLIB | ||
| 999 |
_c33899 _d33899 |
||